De ferri metallographia ; metallographic atlas of iron, steels and cast irons.

Bibliographic Details
Corporate Author: European Coal and Steel Community. High Authority
Format: Book
Language:Italian
German
English
French
Published: Paris : Philadelphia : Nancy, Berber-Levrault; Saunders, [1967-]
Subjects:

MARC

Tag First Indicator Second Indicator Subfields
LEADER 00000cam a2200000 4500
001 in00000094238
005 20150927110416.0
008 800405m1967 fr af b 00000 ita
010 |a  68077837  
035 |a (OCoLC)06170067 
035 |9 AAL6097AM 
040 |a DLC  |c TXA  |d UtOrBLW 
041 0 |a ita  |a ger  |a eng  |a fre 
049 |a TXAM  |v 1 [526568]  |v 2 [526569]  |v 3 [526570]  |v 4 [804166] 
050 0 |a TN693.I7  |b F4 
082 0 |a 669.9/5/1 
245 0 0 |a De ferri metallographia ;  |b metallographic atlas of iron, steels and cast irons. 
264 1 |a Paris :  |b Nancy, Berber-Levrault;  |a Philadelphia :  |b Saunders,  |c [1967-] 
300 |a volumes :  |b illustrations, plates (part color) ;  |c 31 cm. 
336 |a text  |b txt  |2 rdacontent 
337 |a unmediated  |b n  |2 rdamedia 
338 |a volume  |b nc  |2 rdacarrier 
500 |a At head of title: Alta Auctoritas Communitatis Europaeae Carbonis Ferrique. 
500 |a German, English and French in parallel columns. 
504 |a Bibliography: volume 3, page 14. 
505 0 |a 1. Fundamentals of metallography, by L. Habraken and J. L. de Brower.--2. Structure of Steels, by A. Schrader and A. Rose.--3. Solidification and deformation of steels, by Annick and Jean Pokorny.--4. Recent examination methods in metallography, by Nicole Lambert, ... [et al.]. The metallography of welds, by Mihran Dadian, Henri Granjon. 
650 0 |a Iron  |x Metallography. 
710 2 |a European Coal and Steel Community.  |b High Authority. 
999 |a MARS 
999 f f |s f2aa2fd4-8c42-31fe-9683-f5c9bb83c0fb  |i e91d9a2b-7783-3980-b001-9f5892f1e8f6  |t 0 
952 f f |p ric  |a Texas A&M University  |b Rellis Campus  |c Joint Library Facility  |d Remote Storage  |t 0  |e TN693.I7 F4  |h Library of Congress classification  |i unmediated -- volume  |k v.1  |m A14805581503 
952 f f |p ric  |a Texas A&M University  |b Rellis Campus  |c Joint Library Facility  |d Remote Storage  |t 0  |e TN693.I7 F4  |h Library of Congress classification  |i unmediated -- volume  |k v.2  |m A14805581511 
952 f f |p ric  |a Texas A&M University  |b Rellis Campus  |c Joint Library Facility  |d Remote Storage  |t 0  |e TN693.I7 F4  |h Library of Congress classification  |i unmediated -- volume  |k v.4  |m A14807455693 
952 f f |p ric  |a Texas A&M University  |b Rellis Campus  |c Joint Library Facility  |d Remote Storage  |t 0  |e TN693.I7 F4  |h Library of Congress classification  |i unmediated -- volume  |k v.3  |m A14805581529 
998 f f |a TN693.I7 F4  |s v.1-v.4  |t 0  |l Remote Storage